|
|
|
|
| LEADER |
01011nam a2200241 a 4500 |
| 001 |
1996043 |
| 008 |
090708s1996 gw a b 000 0 eng d |
| 020 |
|
|
|a 3822893056
|
| 100 |
1 |
|
|a Charles-Picard, Gilbert.
|
| 082 |
0 |
0 |
|a 722/.7
|2 20
|
| 245 |
1 |
4 |
|a The Roman empire /
|c Gilbert Picard ; Henri Stierlin, ed. ; photos, Yvan Butler ; preface, Paolo Portoghesi.
|
| 260 |
|
|
|a [Köln] :
|b Benedikt Taschen,
|c [1996?]
|
| 300 |
|
|
|a 192p ;
|c 21cm.
|
| 490 |
1 |
|
|a Architecture of the world ;
|v 12
|
| 504 |
|
|
|a Includes bibliographical references.
|
| 541 |
1 |
|
|e 00011982
|
| 650 |
|
0 |
|a Architecture, Roman.
|
| 650 |
|
0 |
|a Architecture, Roman
|v Pictorial works.
|
| 651 |
|
0 |
|a Rome
|x Antiquities.
|
| 700 |
1 |
|
|a Stierlin, Henri.
|
| 852 |
4 |
|
|a Ayesha Abed Library
|j General Shelf.
|
| 999 |
|
|
|c 2175
|d 2175
|
| 952 |
|
|
|0 0
|1 0
|2 ddc
|4 0
|6 722_700000000000000_CHA
|7 0
|9 2005
|a BRACUL
|b BRACUL
|c GEN
|d 2009-07-08
|g 0.00
|l 3
|m 13
|o 722.7 CHA
|p 3010011982
|r 2023-01-25
|s 2022-11-14
|t 1
|w 2009-07-08
|y BK
|x No price found in the accession register.
|